| 000 | 00469nam a22001571a 4500 | ||
|---|---|---|---|
| 020 | _a9780000102645 | ||
| 082 |
_aM301 _bSIV/N |
||
| 100 |
_aSivaraman Cheriyanadu _9154866 |
||
| 245 |
_aNeethipeedathile kurudan/ _cby Sivaraman Cheriyanadu |
||
| 260 |
_aKottayam: _bSahithay Pravarthaka Co-operative Society, _c2009. |
||
| 300 | _a84p. | ||
| 650 |
_aStories Malayalam _9154867 |
||
| 650 |
_aLiterature Malayalam _9154868 |
||
| 650 |
_aLiterature _9154869 |
||
| 942 | _cBK | ||
| 999 |
_c141665 _d141665 |
||